• 首页
  • 本馆介绍
  • 公告通知
  • 最新文献
  • 馆藏检索
  • 电子资源
  • 读者导购
  • 参考咨询
  • 我的图书馆
  • 登录
  • 详细信息显示
  • 放入我的书架
  • 预约/预借图书
  • 作者相关作品
  • 分类相关作品
  • 丛书相关作品
  • 出版社相关作品

书目信息

  • 表格格式
  • 工作单格式
  • 卡片格式
书名: Carry the revolution through to the end
作者:
分册号:
分册名:
出版地: Peking :
 
出版社: Foreign Languages Pr
出版时间: 1961.
页数: 16 p. :
开本: 20020930
丛书名:
中图分类号:
科图分类号:
其他分类号: A425
主题词:
电子资源:
000 00932nam 2200229 a 4500
001 E0740229796
005 20070305111253.10
008 uu
008 1961
040    @aNLC
049    @aN5LA
090    @a2/A425/481230/En/ 1967//////608473/610338/ 2cop.
090    @aA425
096    @aA425 @v2
099    @dA425@ex10
100 1  @aMao, Zedong, @d1893-1976.
240 10 @aJiang ge ming jin xing dao di. @lEnglish
242 10 @a将革命进行到底(英语版) / @c毛泽东 著 @ychi
245 10 @aCarry the revolution through to the end
260    @aPeking :@bForeign Languages Pr.,@c1961.
300    @a16 p. :@b00 ;@c20020930@lNLC09@h2243 :@b40 ;@c20021223@lNLC09@h0903 :@b40 ;@c20021223@lNLC09@h0903 :@b40 ;@c20021223@lNLC09@h0905 :@b40 ;@c20021223@lNLC09@h0905 :@b40 ;@c20021223@lNLC09@h0921 :@b40 ;@c20021223@lNLC09@h0921@lNLC09@h2220@lNLC09@h1812 :@b40 ;@c20030404@lNLC09@h1803
852 9  @bWWJC @cJ08S @k2 @hA425/481230 @iEn/1967
    
    Carry the revolution through to the end.-Peking : : Foreign Languages Pr., , 1961.
    16 p. : : 00 ; ; 20020930 : 40 ; ; 20021223 : 40 ; ; 20021223 : 40 ; ; 20021223 : 40 ; ; 20021223 : 40 ; ; 20021223 : 40 ; ; 20021223 : 40 ; ; 20030404
    
    
    ISBN
    
●
相关链接 在E读中查询图书 在五车中查询图书 在当当中查询图书 在豆瓣中查询图书


正题名:Carry the revolution through to the end     索取号:A425/x10         预约/预借

序号 登录号 条形码 馆藏地/架位号 状态 备注
1 55728   300000166   第四借阅区/ [索取号:A425/x10] 在馆    
唐山师范学院图书馆 欢迎您!
大连网信软件有限公司© 版权所有